[Event "GRENKE Chess Open 2018"]
[Site "Karlsruhe GER"]
[Date "2018.04.02"]
[Round "8.32"]
[White "Musat, Adrian"]
[Black "Lampert, Jonas"]
[Result "0-1"]
[WhiteTitle "FM"]
[BlackTitle "IM"]
[WhiteElo "2388"]
[BlackElo "2532"]
[WhiteFideId "1203452"]
[BlackFideId "1303759"]
[EventDate "2018.03.29"]

1. Nf3 d5 2. d4 Bf5 3. c4 e6 4. Nc3 Nf6 5. g3 Be7 6. Bg2 O-O 7. O-O c6 8. Nd2
Nbd7 9. b3 Qa5 10. Bb2 b5 11. c5 Qc7 12. b4 a5 13. a3 Rfe8 14. Nf3 Ne4 15. Nxe4
Bxe4 16. a4 bxa4 17. Qxa4 Qb7 18. Bc3 axb4 19. Qxb4 Qxb4 20. Bxb4 Bf6 21. e3
Rxa1 22. Rxa1 Rb8 23. Ra4 Bc2 24. Ra2 Bd3 25. Ra4 Bc2 26. Ra2 Bd1 27. Be1 Kf8
28. Nd2 e5 29. Ra1 Bg4 30. h3 Be2 31. Ra7 Ke8 32. Bf3 Bd3 33. Bg4 Nf8 34. Nf3
exd4 35. exd4 g6 36. Ne5 Bxe5 37. dxe5 h5 38. Bf3 Rb1 0-1

[Event "GRENKE Chess Open 2018"]
[Site "Karlsruhe GER"]
[Date "2018.04.02"]
[Round "8.33"]
[White "Farago, Ivan"]
[Black "Schneider, Ilja"]
[Result "1/2-1/2"]
[WhiteTitle "GM"]
[BlackTitle "IM"]
[WhiteElo "2378"]
[BlackElo "2513"]
[WhiteFideId "700134"]
[BlackFideId "4663306"]
[EventDate "2018.03.29"]

1. d4 d5 2. c4 c6 3. cxd5 cxd5 4. Bg5 Nc6 5. Nc3 Bf5 6. e4 dxe4 7. d5 Ne5 8.
Qa4+ Nd7 9. Nge2 g6 10. Ng3 Bg7 11. Ngxe4 h6 12. Bh4 Qb6 13. Bb5 a6 14. O-O Rc8
15. Be2 g5 16. Bg3 Qd4 17. Qxd4 Bxd4 18. Rad1 1/2-1/2

[Event "GRENKE Chess Open 2018"]
[Site "Karlsruhe GER"]
[Date "2018.04.02"]
[Round "8.34"]
[White "Kerigan, Demre"]
[Black "Valsecchi, Alessio"]
[Result "0-1"]
[WhiteTitle "IM"]
[BlackTitle "IM"]
[WhiteElo "2367"]
[BlackElo "2510"]
[WhiteFideId "6307841"]
[BlackFideId "818860"]
[EventDate "2018.03.29"]

1. e4 e6 2. d4 d5 3. Nc3 Nf6 4. Bg5 Be7 5. e5 Nfd7 6. h4 a6 7. Qg4 f5 8. exf6
Nxf6 9. Qe2 c5 10. Nf3 Nc6 11. dxc5 h6 12. Bf4 Bxc5 13. O-O-O O-O 14. g3 Qa5 15.
Ne5 Bb4 16. Nb1 Qxa2 17. Bh3 Nxe5 18. Qxe5 Rf7 19. Bxe6 Bxe6 20. Qxe6 Bc5 21. f3
Re8 22. Qf5 Qa5 23. Bd2 Qc7 24. g4 Ne4 25. Qxd5 Nf2 26. g5 Rd8 27. Qa2 Bd4 28.
Nc3 Bxc3 29. bxc3 Qd6 30. gxh6 Nxh1 31. h7+ Kxh7 32. Qxf7 Nf2 33. Qh5+ Kg8 34.
Qg5 Qa3+ 35. Kb1 Rd6 36. Qe3 Nxd1 37. Qe8+ Kh7 38. Qh5+ Rh6 39. Qf5+ Rg6 40.
Qh5+ Kg8 41. Qd5+ Kh8 0-1

[Event "GRENKE Chess Open 2018"]
[Site "Karlsruhe GER"]
[Date "2018.04.02"]
[Round "8.35"]
[White "Kanarek, Marcel"]
[Black "Hilverda, Alexander"]
[Result "1-0"]
[WhiteTitle "GM"]
[WhiteElo "2506"]
[BlackElo "2364"]
[WhiteFideId "1126822"]
[BlackFideId "4695437"]
[EventDate "2018.03.29"]

1. e4 e5 2. Nf3 Nc6 3. Bb5 a6 4. Ba4 Nf6 5. O-O Be7 6. Re1 b5 7. Bb3 d6 8. c3
O-O 9. h3 Nb8 10. d4 Nbd7 11. Nbd2 Bb7 12. Bc2 Re8 13. Nf1 Bf8 14. Ng3 g6 15.
Bg5 h6 16. Bd2 exd4 17. cxd4 c5 18. d5 Bg7 19. b3 a5 20. a4 b4 21. Bf4 Nxd5 22.
exd5 Rxe1+ 23. Qxe1 Qf6 24. Rd1 Qxf4 25. Qe7 Bc8 26. Qe8+ Nf8 27. Ne4 Bb7 28.
Qe7 Ba6 29. Nxd6 Be2 30. Qxe2 Qxd6 31. Bd3 Ra7 32. Bb5 Re7 33. Qd3 Bc3 34. Bc6
Kg7 35. g3 Nh7 36. Rc1 Nf6 37. Kg2 Rc7 38. Qc4 Kh7 39. Ng1 Nd7 40. Ne2 Nb6 41.
Qf4 Be5 42. Qe3 Nxd5 43. Qxc5 Qxc5 44. Rxc5 Nc3 45. Rxa5 Bxg3 46. Nd4 Bh4 47.
Ra6 Bf6 48. Nb5 Re7 49. Bf3 Kg7 50. Nd6 Bd4 51. a5 Re6 52. Rc6 Be5 53. a6 Bd4
54. Nc8 Nb5 55. Bd5 Rxc6 56. Bxc6 Na7 57. Nxa7 Bxa7 58. Kf3 Kf6 59. Ke4 Ke6 60.
Bd5+ Ke7 61. Kd3 f5 62. Kc4 Kd6 63. Bf7 g5 64. Bg6 g4 65. Bxf5 gxh3 66. f4 h2
67. Be4 Kc7 68. f5 Kd6 69. Kxb4 Ke5 70. Bh1 Kxf5 71. Kb5 Ke5 72. Kc6 Kd4 73. Kb7 1-0

[Event "GRENKE Chess Open 2018"]
[Site "Karlsruhe GER"]
[Date "2018.04.02"]
[Round "8.36"]
[White "Korpa, Bence"]
[Black "Keinanen, Toivo"]
[Result "1-0"]
[WhiteTitle "GM"]
[BlackTitle "FM"]
[WhiteElo "2502"]
[BlackElo "2358"]
[WhiteFideId "706671"]
[BlackFideId "509825"]
[EventDate "2018.03.29"]

1. d4 d5 2. c4 e6 3. g3 Nf6 4. Bg2 Bb4+ 5. Nd2 O-O 6. Nf3 dxc4 7. Qc2 a5 8. a3
Bxd2+ 9. Bxd2 b5 10. a4 c6 11. e4 Na6 12. e5 Nd5 13. Ng5 g6 14. O-O Nab4 15. Qe4
h6 16. Nh3 Kg7 17. axb5 Bb7 18. b6 Qxb6 19. Ra4 c5 20. dxc5 Qxc5 21. Rc1 Rac8
22. Ra3 Ba8 23. Rca1 Nc6 24. Bxa5 Nxa5 25. Rxa5 Qb6 26. Qe2 c3 27. bxc3 Nxc3 28.
Qg4 Bxg2 29. Kxg2 Qb7+ 30. Qf3 Qxf3+ 31. Kxf3 Nd5 32. Ra7 g5 33. Ng1 Rc2 34.
R1a3 Rb8 35. Ra2 Rb3+ 36. Kg4 Rc4+ 37. Kh5 Re4 38. R7a4 Rxe5 39. Kg4 f5+ 40. Kh3
Nf4+ 1-0

[Event "GRENKE Chess Open 2018"]
[Site "Karlsruhe GER"]
[Date "2018.04.02"]
[Round "8.37"]
[White "Bellahcene, Bilel"]
[Black "Freeke, Matthieu"]
[Result "1/2-1/2"]
[WhiteTitle "IM"]
[BlackTitle "FM"]
[WhiteElo "2488"]
[BlackElo "2335"]
[WhiteFideId "696358"]
[BlackFideId "1013459"]
[EventDate "2018.03.29"]

1. e4 e5 2. Qh5 Nc6 3. Bc4 g6 4. Qf3 Nf6 5. Ne2 Bg7 6. d3 d6 7. Nbc3 Nb4 8. Bb3
Be6 9. Ba4+ c6 10. a3 Na6 11. b4 O-O 12. Rb1 Nc7 13. O-O d5 14. exd5 cxd5 15. d4
e4 16. Qf4 Rc8 17. h3 h5 18. Qg3 Nh7 19. Bf4 h4 20. Qe3 Ne8 21. Bh2 Nd6 22. Bb3
Nc4 23. Qc1 f5 24. f4 Nf6 25. Nd1 Ne8 26. Bxc4 Rxc4 27. c3 Nd6 28. Ne3 Rc7 29.
Kh1 Bf6 30. Bg1 Kf7 31. a4 Nc4 32. Nxc4 Rxc4 33. Be3 Qd7 34. Ra1 Rfc8 35. Qb2
Be7 36. Rg1 R4c7 37. Ra2 Rc4 1/2-1/2

[Event "GRENKE Chess Open 2018"]
[Site "Karlsruhe GER"]
[Date "2018.04.02"]
[Round "8.38"]
[White "Baskin, Robert"]
[Black "Kuipers, Stefan"]
[Result "1/2-1/2"]
[WhiteTitle "IM"]
[BlackTitle "IM"]
[WhiteElo "2339"]
[BlackElo "2468"]
[WhiteFideId "24662402"]
[BlackFideId "1018400"]
[EventDate "2018.03.29"]

1. c4 c6 2. Nf3 Nf6 3. d4 d5 4. Nc3 e6 5. g3 Nbd7 6. Bg2 Be7 7. O-O O-O 8. b3
Qa5 9. Bd2 Qc7 10. Bf4 Bd6 11. Bxd6 Qxd6 12. Qd3 b6 13. e4 dxe4 14. Nxe4 Nxe4
15. Qxe4 Bb7 16. Rfd1 Rfd8 17. Rac1 Qa3 18. Qc2 h6 19. c5 bxc5 20. dxc5 Nxc5 21.
Ne5 Na6 22. Rxd8+ Rxd8 23. Rd1 Qa5 24. Rxd8+ Qxd8 25. Nxc6 Bxc6 26. Qxc6 Nb4 27.
Qa4 a5 28. a3 Nd3 29. b4 axb4 30. axb4 g6 31. b5 Qb6 32. Qc2 Nxf2 33. Qxf2 1/2-1/2

[Event "GRENKE Chess Open 2018"]
[Site "Karlsruhe GER"]
[Date "2018.04.02"]
[Round "8.39"]
[White "Hess, Max"]
[Black "Hirneise, Tobias"]
[Result "1/2-1/2"]
[WhiteTitle "FM"]
[BlackTitle "IM"]
[WhiteElo "2338"]
[BlackElo "2463"]
[WhiteFideId "24656666"]
[BlackFideId "24600881"]
[EventDate "2018.03.29"]

1. d4 d5 2. c4 c6 3. cxd5 cxd5 4. Nf3 Nc6 5. Nc3 Nf6 6. Bf4 Ne4 7. e3 Nxc3 8.
bxc3 e6 9. Bd3 Bd6 10. O-O O-O 11. Re1 b6 12. Rc1 h6 13. Bb1 Bb7 14. Qd3 f5 15.
Bc2 Rc8 16. Ba4 Na5 17. Ne5 Bxe5 18. Bxe5 Nc4 19. Bg3 Qe7 20. Bc2 Qa3 21. Bb1
Qb2 22. Qc2 Qxc2 23. Bxc2 Rfd8 24. f3 Rd7 25. Bd3 Nb2 26. Bb5 Bc6 27. Ba6 Bb7
28. Bb5 Rf7 29. Bf1 Nc4 30. Bd3 Nb2 31. Bf1 Rff8 32. Rc2 Nc4 33. Bd3 Rf7 34.
Rcc1 Rff8 35. Re2 Rf7 36. h3 Na3 37. Bd6 Nc4 38. Bg3 Rd7 39. Bf4 Rf7 40. Kh2 1/2-1/2

[Event "GRENKE Chess Open 2018"]
[Site "Karlsruhe GER"]
[Date "2018.04.02"]
[Round "8.40"]
[White "Grinberg, Eyal"]
[Black "Arcuti, Davide"]
[Result "1-0"]
[WhiteTitle "IM"]
[BlackTitle "FM"]
[WhiteElo "2448"]
[BlackElo "2333"]
[WhiteFideId "2806070"]
[BlackFideId "1323725"]
[EventDate "2018.03.29"]

1. e4 e5 2. Nf3 Nc6 3. Bb5 a6 4. Ba4 Nf6 5. O-O Be7 6. Re1 b5 7. Bb3 O-O 8. h3
Bb7 9. d3 d6 10. a3 Qd7 11. Nc3 Rfe8 12. Nd5 Nxd5 13. Bxd5 Nd8 14. Bxb7 Nxb7 15.
Be3 Bf8 16. c4 c6 17. b4 Nd8 18. a4 Ne6 19. axb5 axb5 20. cxb5 cxb5 21. Qb3 Qb7
22. Ra5 Ra6 23. Rc1 Rxa5 24. bxa5 Qa6 25. Bb6 Rc8 26. Rxc8 Qxc8 27. g3 Qa6 28.
Qc3 Be7 29. Ne1 Qb7 30. Nc2 d5 31. Qxe5 dxe4 32. Qxe4 Qc8 33. Nd4 Nxd4 34. Bxd4
Bf8 35. Qe5 b4 36. Qb5 Qd8 37. Qb6 Qxb6 38. axb6 Bd6 39. b7 b3 40. Kf1 f6 41.
Ke2 Kf7 42. Kd2 Bb8 43. Be3 g5 44. Kc3 Ke6 45. Kxb3 Kd5 46. Kb4 Kc6 47. Kc4 Kxb7 1-0

[Event "GRENKE Chess Open 2018"]
[Site "Karlsruhe GER"]
[Date "2018.04.02"]
[Round "8.41"]
[White "Perske, Thore"]
[Black "Petkidis, Anthony"]
[Result "1/2-1/2"]
[WhiteTitle "IM"]
[WhiteElo "2447"]
[BlackElo "2314"]
[WhiteFideId "12902195"]
[BlackFideId "24673390"]
[EventDate "2018.03.29"]

1. e4 e5 2. Nf3 Nc6 3. Nc3 Nf6 4. Bb5 Bb4 5. O-O O-O 6. d3 d6 7. Bg5 Bxc3 8.
bxc3 Qe7 9. Re1 Nd8 10. d4 Ne6 11. Bc1 c5 12. a4 Rd8 13. d5 Nf8 14. Nd2 Ng6 15.
Bf1 h6 16. Nc4 Nh7 17. Qh5 Qh4 18. Qxh4 Nxh4 19. f4 f6 20. f5 g6 21. fxg6 Ng5
22. Bxg5 fxg5 23. a5 Nxg6 24. g3 Kf8 25. Reb1 Ke7 26. Be2 Rf8 27. Bh5 Nh8 28.
Ne3 Rb8 29. Kg2 Bd7 30. Rb3 Kd8 31. Bg4 Bxg4 32. Nxg4 h5 33. Nh6 Kc7 34. Nf5 g4
35. Ng7 Rf7 36. Ne6+ Kd7 37. Rab1 Ke8 38. Rh1 Rh7 39. h3 gxh3+ 40. Rxh3 Ke7 41.
c4 Ng6 42. Kf2 Rf7+ 43. Ke2 Rh7 44. Kd2 Nh8 45. a6 b6 46. Rf3 Rg8 47. Rf5 Nf7
48. Ke2 h4 49. Rxh4 Rxh4 50. gxh4 Rg4 51. Kd3 Rxh4 52. Rf3 Rg4 53. Nc7 Ng5 54.
Re3 Rg1 55. Nb5 Ra1 56. Rg3 Kf6 57. Nxd6 Rxa6 58. Ne8+ Kg6 59. d6 Ra1 60. Kd2
Kf7 61. Rxg5 Kxe8 62. Rxe5+ Kd7 63. Rd5 Rh1 64. e5 Rh7 65. Ke3 Ke6 66. Kf4 a5
67. Ke3 a4 68. Kd2 a3 69. d7 Rxd7 70. Rxd7 Kxd7 71. Kc3 Ke6 72. Kb3 Kxe5 73.
Kxa3 Kd6 74. Ka4 Kc6 75. c3 Kc7 76. Kb5 Kb7 1/2-1/2

[Event "GRENKE Chess Open 2018"]
[Site "Karlsruhe GER"]
[Date "2018.04.02"]
[Round "8.42"]
[White "Beerdsen, Thomas"]
[Black "Gschnitzer, Adrian"]
[Result "1-0"]
[WhiteTitle "IM"]
[WhiteElo "2444"]
[BlackElo "2307"]
[WhiteFideId "1030108"]
[BlackFideId "1270337"]
[EventDate "2018.03.29"]

1. e4 c5 2. Nf3 Nc6 3. c3 d5 4. exd5 Qxd5 5. d4 Bg4 6. Be2 e6 7. h3 Bh5 8. c4
Qd7 9. d5 Bxf3 10. Bxf3 Nd4 11. O-O Nf6 12. Nc3 Be7 13. Bf4 O-O 14. Be5 Nxf3+
15. Qxf3 exd5 16. cxd5 Ne8 17. Rfe1 Bd6 18. Qg3 Bxe5 19. Rxe5 Nd6 20. Rae1 Rfe8
21. Rxe8+ Rxe8 22. Rxe8+ Nxe8 23. Qb8 b6 24. a4 Kf8 25. Nb5 a6 26. Nc3 Qc7 27.
Qa8 Qf4 28. g3 Qd2 29. Kg2 g6 30. Ne4 Qxb2 31. d6 Qd4 32. Qc6 Nxd6 33. Nxd6 Kg7
34. Nc8 c4 35. Nxb6 c3 36. Nd5 Qe4+ 37. Kh2 Kh6 38. Qc5 c2 39. Qf8+ Kg5 40. f4+
Kf5 41. Qxf7# 1-0

[Event "GRENKE Chess Open 2018"]
[Site "Karlsruhe GER"]
[Date "2018.04.02"]
[Round "8.43"]
[White "Carow, Johannes"]
[Black "Paul, Johannes"]
[Result "1-0"]
[WhiteTitle "IM"]
[BlackTitle "FM"]
[WhiteElo "2437"]
[BlackElo "2279"]
[WhiteFideId "24692050"]
[BlackFideId "24622087"]
[EventDate "2018.03.29"]

1. d4 Nf6 2. Bg5 e6 3. e3 d5 4. c4 Be7 5. Nf3 O-O 6. Nbd2 b6 7. Bxf6 Bxf6 8.
cxd5 exd5 9. Qc2 Bb7 10. Bd3 g6 11. h4 Ba6 12. Bxa6 Nxa6 13. Qa4 Qc8 14. Qc6 Qe6
15. Qb5 Nb8 16. Rc1 c6 17. Qd3 Nd7 18. O-O c5 19. b3 Rfd8 20. g3 a5 21. a4 Rac8
22. Kg2 Rc6 23. Rc2 Rdc8 24. Rfc1 cxd4 25. exd4 Nf8 26. Nf1 Rxc2 27. Rxc2 Rxc2
28. Qxc2 Qd7 29. Ne3 Ne6 30. Qd3 h5 31. Kf1 Kg7 32. Ke2 Qc6 33. Nc2 Nc7 34. Kd2
Ne8 35. Ne5 Qe6 36. Qe3 Nd6 37. Nf3 Ne4+ 38. Ke2 Qc8 39. Nce1 Qc6 40. Kf1 b5 41.
axb5 Qxb5+ 42. Qd3 Nc3 43. Qxb5 Nxb5 44. Nc2 Kf8 45. Ke2 Ke7 46. Kd3 Ke6 47. Ne3
Bd8 48. Ng2 Bc7 49. Ng5+ Kd7 50. Nxf7 Bb6 51. Ne5+ Ke6 52. Nf3 Nc7 53. Nf4+ Kf5
54. Ne5 Nb5 55. Nc6 g5 56. Nxd5 gxh4 57. gxh4 Ba7 58. Ne3+ Kf4 59. Nxa7 Nxa7 60.
d5 Kf3 61. d6 Kxf2 62. Nf5 Nc6 63. Ke4 Ke2 64. Nd4+ 1-0

[Event "GRENKE Chess Open 2018"]
[Site "Karlsruhe GER"]
[Date "2018.04.02"]
[Round "8.44"]
[White "Bakre, Tejas"]
[Black "Andre, Gordon"]
[Result "1-0"]
[WhiteTitle "GM"]
[WhiteElo "2427"]
[BlackElo "2301"]
[WhiteFideId "5004195"]
[BlackFideId "4655354"]
[EventDate "2018.03.29"]

1. d4 d5 2. c4 e6 3. Nf3 Nf6 4. g3 Bb4+ 5. Bd2 Be7 6. Bg2 O-O 7. O-O dxc4 8. Qa4
a6 9. Qxc4 b5 10. Qc2 Bb7 11. Rc1 Bd6 12. Bg5 Nbd7 13. Nbd2 c5 14. Bxf6 Qxf6 15.
Ne5 Nxe5 16. dxe5 Bxe5 17. Bxb7 Rab8 18. Ne4 Qe7 19. Qxc5 Qxc5 20. Rxc5 Bxb2 21.
Rb1 Bd4 22. Rc7 1-0

[Event "GRENKE Chess Open 2018"]
[Site "Karlsruhe GER"]
[Date "2018.04.02"]
[Round "8.45"]
[White "Kopylov, Michael"]
[Black "Muckle, Julius"]
[Result "1/2-1/2"]
[WhiteTitle "IM"]
[BlackTitle "FM"]
[WhiteElo "2421"]
[BlackElo "2297"]
[WhiteFideId "14105080"]
[BlackFideId "12942430"]
[EventDate "2018.03.29"]

1. d4 d5 2. c4 c6 3. Nf3 Nf6 4. e3 Bf5 5. Nc3 e6 6. Nh4 Bg4 7. Qb3 Qc7 8. h3 Bh5
9. g4 Bg6 10. Nxg6 hxg6 11. Bg2 Be7 12. Bd2 Nbd7 13. O-O-O dxc4 14. Qxc4 Nb6 15.
Qb3 Nfd5 16. Ne4 Nd7 17. Kb1 a5 18. a3 O-O 19. Rc1 b5 20. Nc3 Qb6 21. Nxd5 cxd5
22. Qc2 b4 23. a4 b3 24. Qc7 Ra7 25. Qxb6 Nxb6 26. Rc3 Bb4 27. Rxb3 Bxd2 28.
Rxb6 Rc8 29. Rd1 Bb4 30. e4 dxe4 31. Bxe4 Rd7 32. d5 Rc4 33. f3 f5 34. Bc2 Rxd5
35. Rxd5 exd5 36. Bb3 Rd4 37. Rxg6 fxg4 38. hxg4 Rd3 39. Ka2 Kh7 40. Rg5 Rxf3
41. Bc2+ Kg8 42. Rxd5 Kf8 43. Rd7 Rf7 44. Rd5 Rc7 45. Kb3 Ke7 46. Bf5 Kf6 47.
Rb5 Be1 48. Be4 Bd2 49. Rd5 Bb4 50. Rb5 Bd2 51. g5+ Ke6 52. Bd3 Kf7 53. g6+ Kf6
54. Rf5+ Ke6 55. Rf2 Bb4 56. Rf4 Bd2 57. Rd4 Ke5 58. Rh4 Kf6 59. Re4 Kg5 60. Rd4
Be1 61. Rd5+ Kf6 62. Rf5+ Ke6 63. Rf4 Bd2 64. Rf2 Bb4 65. Bc4+ Ke5 66. Bf7 Rc5
67. Ka2 Rc1 68. Bb3 Rc6 69. Bc2 Rc7 70. Kb1 Rb7 71. Rf3 Rc7 72. Bd3 Kd4 73. Bf5
Ke5 74. Bc2 Bd2 75. Rf5+ Ke6 76. Rb5 Kf6 77. Bd3 Rc1+ 78. Ka2 Rc7 79. Kb3 Be1
80. Rf5+ Ke6 81. Rf4 Bd2 82. Bc4+ Ke5 83. Rh4 Kf6 84. Bf7 Ke5 85. Rh5+ Kf6 86.
Rb5 Be1 87. Rb6+ Kf5 88. Bc4 Bd2 89. Rd6 Bb4 90. Bd3+ Ke5 91. Rb6 Be1 92. Bc4
Kf5 93. Bf7 Bd2 94. Ka2 Ke5 95. b3 Bb4 96. Kb1 Kd4 97. Bc4 Re7 98. Kc2 Re3 99.
Rb7 Re7 100. Rb5 Ke4 101. Rd5 Kf4 102. Kd3 Re5 103. Rd7 Re7 104. Rd5 Re5 105.
Rd4+ Kg5 106. Bf7 Kf6 107. Rf4+ Kg5 108. Rf3 Rf5 109. Re3 Rc5 110. Kd4 Rc7 111.
Re5+ Kf6 112. Re6+ Kf5 113. Ra6 Rd7+ 114. Kc4 Rc7+ 115. Kb5 Rc5+ 116. Kb6 Re5
117. Ra8 Kf6 118. Rc8 Kg5 119. Rc6 Rf5 120. Rc2 Kf6 121. Rc7 Re5 122. Rc6+ Ke7
123. Bc4 Rg5 124. Rc7+ Kf6 125. Bd3 Rd5 126. Rf7+ Kg5 127. Be4 Re5 128. Bb1 Kh6
129. Rf3 Re6+ 130. Kb5 Re5+ 131. Kc4 Rc5+ 132. Kd4 Rg5 133. Bf5 Rh5 134. Ke4
Rh4+ 135. Ke5 Rh1 136. Be4 Rh5+ 137. Ke6 Bd2 138. Rd3 Bb4 139. Kf7 Rh4 140. Bf5
Rf4 141. Ke6 Rh4 142. Rd5 Rf4 143. Rd3 Rh4 144. Rf3 Rh1 145. Kf7 Rh5 146. Be4
Rh4 147. Bf5 Rh5 148. Rf1 Rh4 149. Rd1 Rf4 150. Ke6 Rh4 151. Rd8 Kg5 152. Rd5
Kh6 153. Bd3 Rf4 154. Bf5 Rf1 155. Be4 Rf6+ 156. Kd7 Rf4 157. Bd3 1/2-1/2

[Event "GRENKE Chess Open 2018"]
[Site "Karlsruhe GER"]
[Date "2018.04.02"]
[Round "9.1"]
[White "Shirov, Alexei"]
[Black "Korobov, Anton"]
[Result "1/2-1/2"]
[WhiteTitle "GM"]
[BlackTitle "GM"]
[WhiteElo "2651"]
[BlackElo "2664"]
[WhiteFideId "2209390"]
[BlackFideId "14105730"]
[EventDate "2018.03.29"]

1. e4 c5 2. Nf3 d6 3. d4 cxd4 4. Nxd4 Nf6 5. Nc3 a6 6. h3 e6 7. g4 b5 8. g5 b4
9. gxf6 bxc3 10. fxg7 Bxg7 11. bxc3 Qc7 12. Bd2 Nd7 13. Rg1 Bf6 14. Qh5 Ke7 15.
Bd3 Bb7 16. Ke2 d5 17. exd5 1/2-1/2

[Event "GRENKE Chess Open 2018"]
[Site "Karlsruhe GER"]
[Date "2018.04.02"]
[Round "9.3"]
[White "Antal, Gergely"]
[Black "Bacrot, Etienne"]
[Result "1/2-1/2"]
[WhiteTitle "GM"]
[BlackTitle "GM"]
[WhiteElo "2540"]
[BlackElo "2718"]
[WhiteFideId "717312"]
[BlackFideId "605506"]
[EventDate "2018.03.29"]

1. e4 e5 2. Nf3 Nc6 3. Nc3 Nf6 4. d4 exd4 5. Nxd4 Bb4 6. Nxc6 bxc6 7. Bd3 d5 8.
exd5 cxd5 9. O-O O-O 10. h3 c6 11. Qf3 Re8 12. Bf4 Qe7 13. a3 Bd6 14. b4 a5 15.
b5 Bxf4 16. Qxf4 cxb5 17. Nxb5 Qe5 18. Qxe5 Rxe5 19. Rab1 Re7 20. Nd4 Rc7 21.
Rb6 Kf8 22. Rfb1 Bd7 23. Rb8+ Rc8 24. Rxa8 Rxa8 25. Rb7 Be8 26. Bb5 a4 27. Bxe8
Nxe8 28. Nb5 Rc8 29. c3 Rc6 30. f3 Nd6 31. Nxd6 1/2-1/2

[Event "GRENKE Chess Open 2018"]
[Site "Karlsruhe GER"]
[Date "2018.04.02"]
[Round "9.4"]
[White "Malakhatko, Vadim"]
[Black "Andreikin, Dmitry"]
[Result "1/2-1/2"]
[WhiteTitle "GM"]
[BlackTitle "GM"]
[WhiteElo "2536"]
[BlackElo "2712"]
[WhiteFideId "14104202"]
[BlackFideId "4158814"]
[EventDate "2018.03.29"]

1. c4 e5 2. e3 Nf6 3. Nc3 Bb4 4. Nge2 O-O 5. a3 Bxc3 6. Nxc3 d5 7. cxd5 Nxd5 8.
Qc2 Be6 9. Be2 Nd7 10. O-O c5 11. b3 Nxc3 12. Qxc3 f6 13. Bb2 Nb6 14. Rfd1 Rc8
15. Rab1 Nd5 16. Qc2 Qd7 17. Ba1 Rfd8 18. Rbc1 Bg4 19. Bxg4 Qxg4 20. h3 Qd7 21.
Qe4 b5 22. Bc3 Rc6 23. d3 Qe6 24. Be1 f5 25. Qf3 Rdc8 1/2-1/2

[Event "GRENKE Chess Open 2018"]
[Site "Karlsruhe GER"]
[Date "2018.04.02"]
[Round "9.5"]
[White "Gordievsky, Dmitry"]
[Black "Lobron, Eric"]
[Result "1-0"]
[WhiteTitle "GM"]
[BlackTitle "GM"]
[WhiteElo "2630"]
[BlackElo "2503"]
[WhiteFideId "24112798"]
[BlackFideId "4600037"]
[EventDate "2018.03.29"]

1. Nf3 d5 2. c4 e6 3. g3 c5 4. cxd5 exd5 5. d4 Nc6 6. Nc3 Nf6 7. Bg2 Be7 8. O-O
O-O 9. b3 Ne4 10. Bb2 Bf6 11. Na4 b6 12. Rc1 Ba6 13. dxc5 Bxb2 14. Nxb2 bxc5 15.
Na4 Re8 16. Re1 c4 17. bxc4 dxc4 18. Nd2 Nxf2 19. Kxf2 Qf6+ 20. Nf3 Rad8 21. Qc2
Nd4 22. Qc3 Bb5 23. Nb2 Re5 24. Rcd1 Red5 25. Nxc4 Bxc4 26. Qxc4 Qb6 27. Rb1 1-0

[Event "GRENKE Chess Open 2018"]
[Site "Karlsruhe GER"]
[Date "2018.04.02"]
[Round "9.6"]
[White "Landa, Konstantin"]
[Black "Santos Latasa, Jaime"]
[Result "1/2-1/2"]
[WhiteTitle "GM"]
[BlackTitle "IM"]
[WhiteElo "2613"]
[BlackElo "2549"]
[WhiteFideId "4101685"]
[BlackFideId "2293307"]
[EventDate "2018.03.29"]

1. d4 Nf6 2. c4 e6 3. Nc3 Bb4 4. e3 O-O 5. Bd3 d5 6. cxd5 exd5 7. Ne2 Re8 8. O-O
Bf8 9. Bd2 a6 10. Rc1 b5 11. Nf4 Bb7 12. Bb1 Nbd7 13. Nce2 a5 14. Qe1 b4 15. f3
Bd6 16. Qf2 Nf8 17. Nd3 Ne6 18. Nef4 Nxf4 19. Nxf4 Nd7 20. e4 dxe4 21. fxe4 Bxe4
22. Ne6 fxe6 23. Bxe4 Rf8 24. Qe3 Rb8 25. Bxh7+ 1/2-1/2

[Event "GRENKE Chess Open 2018"]
[Site "Karlsruhe GER"]
[Date "2018.04.02"]
[Round "9.7"]
[White "Baenziger, Fabian"]
[Black "Bindrich, Falko"]
[Result "1/2-1/2"]
[WhiteTitle "FM"]
[BlackTitle "GM"]
[WhiteElo "2356"]
[BlackElo "2602"]
[WhiteFideId "1330110"]
[BlackFideId "4676670"]
[EventDate "2018.03.29"]

1. d4 d5 2. c4 e6 3. Nf3 Nf6 4. g3 Bb4+ 5. Bd2 Bd6 6. Bg2 O-O 7. O-O c6 8. Qc2
Nbd7 9. Bc3 dxc4 10. a4 Rb8 11. e4 Be7 12. a5 b5 13. axb6 axb6 14. Nbd2 b5 15.
Ba5 Qe8 16. b3 cxb3 17. Nxb3 Bb7 18. Ne1 b4 19. Nd3 Ba6 20. Rfc1 Bxd3 21. Qxd3
Rc8 22. Qd2 e5 23. Bxb4 Bxb4 24. Qxb4 exd4 25. Qxd4 Qe7 26. e5 Qxe5 27. Rxc6 Qe2
28. Qd2 Qh5 29. Rxc8 Rxc8 30. Rc1 Rxc1+ 31. Nxc1 g6 32. Qe2 Qa5 33. Nd3 Qa1+ 34.
Qe1 Qd4 35. Qe2 h5 36. Bf3 Qc3 37. Kg2 Kg7 38. h4 Qd4 39. Bc6 Nb6 40. Qb2 Qd8
41. Nf4 Qc7 42. Bf3 Nd7 43. Nd5 Qd6 44. Nxf6 Nxf6 45. Qa1 Qe6 46. Qd4 Qf5 47.
Qb2 Kh7 48. Qb3 Ng8 49. Bd5 Nh6 50. Qf3 Qd7 51. Bc6 Qd4 52. Qd5 Qb2 53. Qf3 Kg7
54. Bd5 Nf5 55. Kh2 Qe5 56. Kg2 Qd4 57. Be4 Nd6 58. Bc6 Qb2 59. Qf4 Nf5 60. Be4
Ne7 61. Qd6 Ng8 62. Bf3 Nh6 63. Qf4 Qc3 64. Bd5 Qc5 65. Bf3 Qe7 66. Qd4+ Kg8 67.
Qe4 Qf6 68. Qc6 Kg7 69. Qxf6+ Kxf6 1/2-1/2

[Event "GRENKE Chess Open 2018"]
[Site "Karlsruhe GER"]
[Date "2018.04.02"]
[Round "9.8"]
[White "Heimann, Andreas"]
[Black "Fedorovsky, Michael"]
[Result "1/2-1/2"]
[WhiteTitle "GM"]
[BlackTitle "IM"]
[WhiteElo "2574"]
[BlackElo "2471"]
[WhiteFideId "24624632"]
[BlackFideId "14105454"]
[EventDate "2018.03.29"]

1. e4 c5 2. Nf3 d6 3. d4 cxd4 4. Nxd4 Nf6 5. f3 e5 6. Nb3 d5 7. Bg5 Be6 8. Bxf6
gxf6 9. exd5 Qxd5 10. Qxd5 Bxd5 11. Nc3 Be6 12. O-O-O Nc6 13. Bb5 a6 14. Bxc6+
bxc6 15. Ne4 f5 16. Nd6+ Bxd6 17. Rxd6 Rg8 18. g3 Bxb3 19. cxb3 Rg6 20. Rhd1 Ra7
21. Kc2 Ke7 22. R6d2 Rb7 23. Kc3 a5 24. Rd8 Rh6 25. R1d2 Rxh2 26. Rxh2 Kxd8 27.
Rxh7 Ke7 28. Rh6 Rb8 29. Rxc6 Rg8 30. b4 axb4+ 31. Kxb4 Rxg3 32. Rc3 e4 33. fxe4
Rxc3 34. Kxc3 1/2-1/2